书目信息 |
| 题名: |
中国全要素生产率的行业分析与国际比较
|
|
| 作者: | 任若恩 , 岳希明 , 郑海涛 著 | |
| 分册: | ||
| 出版信息: | 北京 科学出版社 2013 |
|
| 页数: | 10,250页 | |
| 开本: | 24cm | |
| 丛书名: | 复杂社会经济行为建模与管理研究丛书 | |
| 单 册: | ||
| 中图分类: | F249.22 | |
| 科图分类: | ||
| 主题词: | 全要素生产率--研究--中国 , 全要素生产率 | |
| 电子资源: | ||
| ISBN: | 978-7-03-036267-4 | |
| 000 | 01656nam0 2200301 450 | |
| 001 | 523 | |
| 005 | 20140908164753.06 | |
| 010 | @a978-7-03-036267-4@dCNY62.00 | |
| 100 | @a20130221d2013 em y0chiy50 ea | |
| 101 | 0 | @achi |
| 102 | @aCN@b110000 | |
| 105 | @ay z 000yy | |
| 106 | @ar | |
| 200 | 1 | @a中国全要素生产率的行业分析与国际比较@AZhong Guo Quan Yao Su Sheng Chan Lu^ De Xing Ye Fen Xi Yu Guo Ji Bi Jiao@e中国KLEMS项目@EZhong Guo KLEMS Xiang Mu@f任若恩,岳希明,郑海涛等著@FRen Ruo En, Yue Xi Ming, Zheng Hai Tao Deng Zhu |
| 210 | @a北京@c科学出版社@d2013 | |
| 215 | @a10,250页@d24cm | |
| 225 | 2 | @a复杂社会经济行为建模与管理研究丛书 |
| 330 | @a本书首先回顾了收入与生产率国际比较研究的历史演进,然后应用生产率与经济增长国际比较项目(KLEMS项目)的研究方法,建立了1980-2005年国际可比的、交叉分组的分行业中国资本投入与资本价格数据库和劳动投入与劳动价格数据库;分别构建了国际可比的现价和不变价投入产出序列数据,用于建立国际可比的分行业的产出及其价格数据库、中间投入及其价格数据库和能源投入及其价格数据库;在这些数据库基础上,测算并分析了中国分行业的全要素生产率及其增长率;利用已有的购买力平价研究成果,在已建立的中国国际可比数据库的基础上,进行中国与其他国家的全要素生产率的国际比较,研究我国产业部门的国际竞争力。 | |
| 461 | 0 | @12001 @a复杂社会经济行为建模与管理研究丛书 |
| 517 | 1 | @a中国KLEMS项目@AZhong Guo KLEMS Xiang Mu |
| 606 | 0 | @a全要素生产率@x研究@y中国 |
| 606 | 0 | @a全要素生产率 |
| 690 | @aF249.22@v5 | |
| 701 | 0 | @a任若恩@ARen Ruo En@f(1948~)@4著 |
| 701 | 0 | @a岳希明@AYue Xi Ming@f(1965.2~)@4著 |
| 701 | 0 | @a郑海涛@AZheng Hai Tao@f(1978~)@4著 |
| 801 | 0 | @aCN@bTANGWEI@c20140603 |
| 905 | @b0839251-53@dF249.22@e121@f3 | |
| 中国全要素生产率的行业分析与国际比较:中国KLEMS项目/任若恩,岳希明,郑海涛等著.-北京:科学出版社,2013 |
| 10,250页;24cm.-(复杂社会经济行为建模与管理研究丛书) |
| ISBN 978-7-03-036267-4:CNY62.00 |
| 本书首先回顾了收入与生产率国际比较研究的历史演进,然后应用生产率与经济增长国际比较项目(KLEMS项目)的研究方法,建立了1980-2005年国际可比的、交叉分组的分行业中国资本投入与资本价格数据库和劳动投入与劳动价格数据库;分别构建了国际可比的现价和不变价投入产出序列数据,用于建立国际可比的分行业的产出及其价格数据库、中间投入及其价格数据库和能源投入及其价格数据库;在这些数据库基础上,测算并分析了中国分行业的全要素生产率及其增长率;利用已有的购买力平价研究成果,在已建立的中国国际可比数据库的基础上,进行中国与其他国家的全要素生产率的国际比较,研究我国产业部门的国际竞争力。 |
| ● |
| 相关链接 |
|
|
|
|
正题名:中国全要素生产率的行业分析与国际比较
索取号:F249.22/121
 
预约/预借
| 序号 | 登录号 | 条形码 | 馆藏地/架位号 | 状态 | 备注 |
| 1 | 0839251 | 208392513 | 第一样本阅览室/ [索取号:F249.22/121] | 在馆 | |
| 2 | 0839252 | 208392522 | 密集书库-海洋学院/ [索取号:F249.22/121] | 在馆 | |
| 3 | 0839253 | 208392531 | 第一借阅区/ [索取号:F249.22/121] | 在馆 |